English in Focus Level A / Level A - dành cho giáo viên

Đã lưu trong:
Sonraí Bibleagrafaíochta
Príomhúdar: Nguyễn Quốc Hùng
Formáid: Leabhar
Teanga:English
Foilsithe: TPHCM : NXB tổng hợp HCM, 2005.
Ábhair:
Clibeanna: Cuir Clib Leis
Gan Chlibeanna, Bí ar an gcéad duine leis an taifead seo a chlibeáil!
Thư viện lưu trữ: Mạng thư viện Đại học Đà Nẵng
LEADER 01039cam a22002891a 4500
001 000034533
003 10732
005 20221208165128.0
008 151027s2005 000 eng
041 |a eng 
082 |a 420.370  |b NG-H  |2 Level A - dành cho giáo viên 
100 |a Nguyễn Quốc Hùng 
245 0 |a English in Focus Level A /  |c Nguyễn Quốc Hùng; Nicolas sampon  |n Level A - dành cho giáo viên 
260 |a TPHCM :  |b NXB tổng hợp HCM,  |c 2005. 
300 |a 95tr. :. 
650 |a English in Focus 
653 |a English  |a dành cho giáo viên 
OWN |a LNN 
AVA |a UDN50  |b LNN  |c English  |d 420.370NG-H  |e available  |t Error 5001 Not defined in file expand_doc_bib_avail.  |f 3  |g 0  |h N  |i 0  |j AN 
999 |a From the UDN01 
AVA |a UDN50  |b LNN  |c English  |d 420.370NG-H  |e available  |t Error 5001 Not defined in file expand_doc_bib_avail.  |f 3  |g 0  |h N  |i 0  |j AN 
TYP |a Monograph 
TYP |a Printed language 
980 |a Mạng thư viện Đại học Đà Nẵng